000 00463nam a2200157 i 4500
001 bg
245 0 _aBoundary Element Methods in Engineering :
_bproceedings of the Fourth International Seminar, Southampton, Englang, September 1982.
260 _aBerlin :
_bSpringer- Verlag,
_c1982.
020 _a3540118195
040 _cBPK
041 _apol
080 _a624(061.3)
920 _a3-540-11819-5
942 _cKS
008 s pl f |000 0 pol
999 _c21874
_d21874
856 _uhttp://koha.tu.koszalin.pl/cgi-bin/koha/opac-detail.pl?biblionumber=21874
_yKatalog online BPK